[Event "Gujarat op 1st"]
[Site "Ahmedabad"]
[Date "2018.10.08"]
[Round "5"]
[White "Swayams, Mishra"]
[Black "Mehta, Naitik R"]
[Result "1-0"]
[WhiteElo "2463"]
[BlackElo "1922"]
[PlyCount "103"]
[EventDate "2018.10.05"]
[EventType "swiss"]
[EventRounds "10"]
[EventCountry "IND"]
[SourceTitle "CBM 186 Extra"]
[Source "ChessBase"]
[SourceDate "2018.08.24"]
[SourceVersion "1"]
[SourceVersionDate "2018.08.24"]
[SourceQuality "1"]

1. e4 c5 2. Nf3 d6 3. Bb5+ Bd7 4. Bxd7+ Nxd7 5. c4 e5 6. Nc3 g6 7. 0-0 Bg7 8. Qb3 Nb6 9. a4 a5 10. Qb5+ Kf8 11. d3 Ne7 12. Bd2 Ra7 13. Nd5 Nbxd5 14. cxd5 b6 15. Bc3 Nc8 16. Nd2 g5 17. Nc4 Qd7 18. Qb3 Ra6 19. Ne3 Rg8 20. Ra3 Bf6 21. Qd1 Bd8 22. Qh5 f6 23. Nf5 Rg6 24. Re1 Ra7 25. Re3 Qf7 26. Re1 Qd7 27. Re3 Qf7 28. Re1 Qd7 29. Re3 Qf7 30. Qg4 Rd7 31. Rh3 Ke8 32. Re3 Kf8 33. Rh3 Ke8 34. Rb3 Bc7 35. Ne3 Kd8 36. Rf3 Rh6 37. Qf5 Rg6 38. Ng4 Ke7 39. Bd2 h5 40. Nxf6 Kd8 41. Nxd7 Qxf5 42. exf5 Rg7 43. Nf8 Rf7 44. Bxg5+ Ke8 45. Ne6 Kd7 46. f6 Rh7 47. f7 Ne7 48. Bxe7 Kxe7 49. f8Q+ Kd7 50. Rf7+ Rxf7 51. Qxf7+ Kc8 52. Qxc7# 1-0

[Event "IND-ch U15"]
[Site "Kolkata"]
[Date "2018.07.19"]
[Round "4"]
[White "Mehta, Naitik R"]
[Black "Koustav, Chatterjee"]
[Result "0-1"]
[WhiteElo "1960"]
[BlackElo "2383"]
[PlyCount "80"]
[EventDate "2018.07.17"]
[EventType "swiss"]
[EventRounds "11"]
[EventCountry "IND"]
[SourceTitle "CBM 186 Extra"]
[Source "ChessBase"]
[SourceDate "2018.08.24"]
[SourceVersion "1"]
[SourceVersionDate "2018.08.24"]
[SourceQuality "1"]

1. e4 c5 2. Nc3 e6 3. g3 Nc6 4. Bg2 Nf6 5. d3 Be7 6. f4 d5 7. e5 Nd7 8. Nf3 0-0 9. 0-0 a6 10. g4 b5 11. Qe1 b4 12. Ne2 Qc7 13. c3 a5 14. d4 bxc3 15. bxc3 cxd4 16. Nfxd4 Ba6 17. Rf3 Nc5 18. Nxc6 Qxc6 19. Nd4 Qc7 20. Bd2 Rfc8 21. Rh3 Bc4 22. g5 Nd7 23. Kh1 Nf8 24. Qh4 Rab8 25. f5 exf5 26. e6 Bd6 27. e7 Bxe7 28. Nxf5 Qd7 29. Rf3 Bc5 30. Bf4 Ng6 31. Qg4 Rb7 32. Bh3 Rd8 33. Re1 Qc6 34. Bg2 Re8 35. Rfe3 Bxe3 36. Bxe3 Bd3 37. Nxg7 Rxe3 38. Rxe3 Rb1+ 39. Bf1 d4+ 40. Kg1 Rxf1# 0-1

[Event "Commonwealth-ch"]
[Site "New Delhi"]
[Date "2017.07.03"]
[Round "1"]
[White "Grover, Sahaj"]
[Black "Mehta, Naitik R"]
[Result "1/2-1/2"]
[WhiteElo "2484"]
[BlackElo "1972"]
[PlyCount "81"]
[EventDate "2017.07.03"]
[EventType "swiss"]
[EventRounds "9"]
[EventCountry "IND"]
[SourceTitle "CBM 179 Extra"]
[Source "ChessBase"]
[SourceDate "2017.08.23"]
[SourceVersion "1"]
[SourceVersionDate "2017.08.23"]
[SourceQuality "1"]

1. e4 c5 2. Nf3 d6 3. d4 cxd4 4. Qxd4 a6 5. Be2 Nc6 6. Qe3 Nf6 7. h3 g6 8. 0-0 Bg7 9. c4 0-0 10. Nc3 Be6 11. Rd1 Nd7 12. b3 Qa5 13. Bb2 Nde5 14. Ng5 h6 15. Nxe6 fxe6 16. f4 Nd7 17. e5 Qc5 18. Qxc5 Nxc5 19. exd6 exd6 20. Rxd6 Bd4+ 21. Kh1 Bxc3 22. Bxc3 Ne4 23. Rxe6 Nxc3 24. Rxg6+ Kh7 25. Bd3 Nb4 26. Rg3+ Nxd3 27. Rxd3 Ne4 28. Rd7+ Kg6 29. Rxb7 Rxf4 30. Rc1 Rc8 31. b4 Nf2+ 32. Kg1 Nd3 33. Rc3 Rd4 34. Rb6+ Kg5 35. Rxa6 Rcxc4 36. Rxc4 Rxc4 37. b5 Rb4 38. b6 Kf4 39. b7 Rxb7 40. Rxh6 Ra7 41. a4 1/2-1/2

[Event "IND-ch U13 31st"]
[Site "Jalandhar"]
[Date "2017.06.29"]
[Round "11"]
[White "Mehta, Naitik R"]
[Black "Raja, Rithvik R"]
[Result "1/2-1/2"]
[WhiteElo "1980"]
[BlackElo "2155"]
[PlyCount "54"]
[EventDate "2017.06.21"]
[EventType "swiss"]
[EventRounds "11"]
[EventCountry "IND"]
[SourceTitle "CBM 179 Extra"]
[Source "ChessBase"]
[SourceDate "2017.08.23"]
[SourceVersion "1"]
[SourceVersionDate "2017.08.23"]
[SourceQuality "1"]

1. e4 c5 2. Nf3 d6 3. d4 cxd4 4. Nxd4 Nf6 5. Nc3 a6 6. f3 e5 7. Nb3 Be6 8. Be3 Nbd7 9. Qd2 b5 10. g4 Be7 11. 0-0-0 b4 12. Nd5 Bxd5 13. exd5 Nb6 14. Bxb6 Qxb6 15. Kb1 0-0 16. h4 a5 17. h5 Nd7 18. g5 f5 19. gxf6 Rxf6 20. Bh3 Nf8 21. Rdg1 Rf4 22. Qg2 Bf6 23. Nd2 e4 24. Nxe4 Be5 25. Qf2 Qb7 26. Rd1 a4 27. Rd3 Ra5 1/2-1/2

[Event "IND-ch U13 31st"]
[Site "Jalandhar"]
[Date "2017.06.26"]
[Round "8"]
[White "Mehta, Naitik R"]
[Black "Kushagra, Mohan"]
[Result "0-1"]
[WhiteElo "1980"]
[BlackElo "2003"]
[PlyCount "138"]
[EventDate "2017.06.21"]
[EventType "swiss"]
[EventRounds "11"]
[EventCountry "IND"]
[SourceTitle "CBM 179 Extra"]
[Source "ChessBase"]
[SourceDate "2017.08.23"]
[SourceVersion "1"]
[SourceVersionDate "2017.08.23"]
[SourceQuality "1"]

1. d4 Nf6 2. c4 g6 3. Nc3 Bg7 4. e4 d6 5. Be2 0-0 6. Be3 c5 7. e5 Ne8 8. dxc5 Bxe5 9. Qd2 Qa5 10. Nd5 Qxd2+ 11. Kxd2 Nc6 12. Nc3 dxc5 13. Bxc5 Nd6 14. Bxd6 Bxd6 15. Nf3 Rd8 16. Rhd1 Bxh2+ 17. Ke1 Bd6 18. Nb5 Bb4+ 19. Kf1 Rxd1+ 20. Rxd1 a6 21. Nc7 Rb8 22. Nd5 Bd6 23. a3 a5 24. Ne1 h5 25. Nd3 Bf5 26. Ne3 Be6 27. c5 Bc7 28. b4 axb4 29. axb4 b6 30. Bf3 Nd4 31. Nd5 Bxd5 32. Bxd5 e6 33. Ba2 b5 34. Nc1 Nc6 35. Rd7 Be5 36. Nd3 Ra8 37. Bb3 Ra3 38. Nxe5 Nxe5 39. Rd8+ Kg7 40. Bd1 Nc6 41. Rc8 Nxb4 42. c6 Rc3 43. Bf3 Nd5 44. Ke2 b4 45. Kd2 Rc5 46. Bd1 Ne7 47. Rc7 Nxc6 48. Ba4 Rd5+ 49. Kc2 Nd4+ 50. Kb2 Re5 51. Rc4 Re2+ 52. Kc1 Nf5 53. Rf4 e5 54. Rf3 Nd4 55. Bd1 Nxf3 56. Bxe2 Nd4 57. Bc4 g5 58. Kd2 b3 59. Kc3 h4 60. Bd5 g4 61. g3 h3 62. Bh1 h2 63. Kd3 b2 64. Ke4 b1Q+ 65. Kxe5 Qxh1 66. f4 Qf3 67. Kd6 h1Q 68. Ke7 Qb7+ 69. Kd6 Qhd5# 0-1

[Event "IND-ch U13 31st"]
[Site "Jalandhar"]
[Date "2017.06.23"]
[Round "4"]
[White "Mehta, Naitik R"]
[Black "Karthik, Sai Ch"]
[Result "1-0"]
[WhiteElo "1980"]
[BlackElo "1761"]
[PlyCount "63"]
[EventDate "2017.06.21"]
[EventType "swiss"]
[EventRounds "11"]
[EventCountry "IND"]
[SourceTitle "CBM 179 Extra"]
[Source "ChessBase"]
[SourceDate "2017.08.23"]
[SourceVersion "1"]
[SourceVersionDate "2017.08.23"]
[SourceQuality "1"]

1. e4 c5 2. Nf3 d6 3. d4 cxd4 4. Nxd4 Nf6 5. Nc3 a6 6. Bc4 e6 7. a4 Be7 8. 0-0 0-0 9. Ba2 Nbd7 10. Be3 Qc7 11. f4 Nb6 12. Qe2 d5 13. e5 Nfd7 14. Bf2 Nc4 15. Nd1 Na5 16. Ne3 Nc6 17. c3 Rb8 18. Rac1 Nc5 19. Bb1 g6 20. Ng4 Qd8 21. Nf6+ Kg7 22. Rcd1 Nd7 23. Ng4 Nxd4 24. Bxd4 Bc5 25. Bxc5 Nxc5 26. Qe3 Qb6 27. a5 Qc7 28. f5 Kh8 29. fxg6 Qe7 30. g7+ Kxg7 31. Qh6+ Kg8 32. Qxh7# 1-0

[Event "IND-ch U13"]
[Site "Gujarath"]
[Date "2016.07.25"]
[Round "6"]
[White "Koustav, Chatterjee"]
[Black "Mehta, Naitik R"]
[Result "1-0"]
[WhiteElo "2040"]
[BlackElo "1831"]
[PlyCount "107"]
[EventDate "2016.07.22"]
[EventType "swiss"]
[EventRounds "11"]
[EventCountry "IND"]
[SourceTitle "EXT 2017"]
[Source "ChessBase"]
[SourceDate "2016.10.25"]
[SourceVersion "1"]
[SourceVersionDate "2016.10.25"]
[SourceQuality "1"]

1. d4 c5 2. d5 e5 3. c4 d6 4. Nc3 Na6 5. e4 Nc7 6. Nf3 g6 7. Be2 Bg7 8. 0-0 Ne7 9. b4 Na6 10. bxc5 Nxc5 11. Be3 b6 12. Bxc5 bxc5 13. Qa4+ Bd7 14. Qa6 Qb6 15. Qa3 0-0 16. Rab1 Qc7 17. Rb3 Rab8 18. Rfb1 Rb6 19. Rxb6 axb6 20. Qa6 Rb8 21. Nb5 Bxb5 22. Qxb5 Bf6 23. a4 Nc8 24. a5 Bd8 25. a6 Na7 26. Qa4 Kf8 27. Ne1 Bg5 28. Bg4 Ke7 29. Nc2 Bd2 30. Na3 Bb4 31. Nb5 Nxb5 32. Qxb5 Ra8 33. Rf1 Rf8 34. f4 f5 35. fxe5 Bc3 36. Qc6 Qxc6 37. dxc6 dxe5 38. exf5 Kd6 39. a7 e4 40. g3 Kxc6 41. fxg6 Bd4+ 42. Kg2 Ra8 43. Rf7 hxg6 44. Be6 e3 45. Bd5+ Kd6 46. Bxa8 e2 47. Rf1 exf1Q+ 48. Kxf1 b5 49. Be4 b4 50. a8Q b3 51. Qd5+ Kc7 52. Qb7+ Kd8 53. Bc6 b2 54. Qd7# 1-0

[Event "IND-ch Challengers 54th"]
[Site "Noida"]
[Date "2016.07.09"]
[Round "1"]
[White "Mehta, Naitik R"]
[Black "Bakre, Tejas"]
[Result "0-1"]
[WhiteElo "1831"]
[BlackElo "2453"]
[PlyCount "118"]
[EventDate "2016.07.09"]
[EventType "swiss"]
[EventRounds "13"]
[EventCountry "IND"]
[SourceTitle "CBM 173 Extra"]
[Source "ChessBase"]
[SourceDate "2016.08.29"]
[SourceVersion "1"]
[SourceVersionDate "2016.08.29"]
[SourceQuality "1"]

1. e4 c5 2. Nf3 d6 3. d4 cxd4 4. Nxd4 Nf6 5. Nc3 Nc6 6. Bc4 e6 7. 0-0 a6 8. a4 Qc7 9. Ba2 Be7 10. Kh1 Bd7 11. f4 Nxd4 12. Qxd4 Bc6 13. f5 e5 14. Qc4 0-0 15. Nd5 Qd8 16. Nxe7+ Qxe7 17. Bg5 Rac8 18. Qe2 Rfd8 19. Rfd1 Bxa4 20. Bxf7+ Qxf7 21. Rxa4 d5 22. Ra5 dxe4 23. Rxd8+ Rxd8 24. Rxe5 Qa2 25. h3 Qxb2 26. Bxf6 Qc1+ 27. Kh2 Qf4+ 28. Kg1 gxf6 29. Rxe4 Qxf5 30. Re8+ Rxe8 31. Qxe8+ Kg7 32. Qe7+ Kg6 33. Qxb7 a5 34. Qb3 Qc5+ 35. Kf1 f5 36. Qg8+ Kh6 37. Qe6+ Kg5 38. Qb3 Kf4 39. g3+ Ke5 40. Ke2 Qd5 41. Qc3+ Kd6 42. Qa3+ Kc6 43. g4 Qe5+ 44. Kd1 f4 45. Qa4+ Kd6 46. h4 Qd5+ 47. Ke1 Qh1+ 48. Ke2 Qg2+ 49. Ke1 Qg1+ 50. Kd2 Qe3+ 51. Kd1 f3 52. Qxa5 Qe2+ 53. Kc1 f2 54. Qb6+ Ke5 55. Qc7+ Ke4 56. Qxh7+ Kf3 57. Qf5+ Kg3 58. g5 f1Q+ 59. Qxf1 Qxf1+ 0-1